[Event "46th GER-ch Rapid 2020"]
[Site "Plochingen"]
[Date "2020.09.21"]
[Round "6.4"]
[White "Muranyi, Karl-Jasmin"]
[Black "Stern, Rene"]
[Result "0-1"]
[WhiteElo "2331"]
[BlackElo "2517"]
[Annotator "TA"]
[PlyCount "120"]
[EventDate "2020.09.19"]
[EventType "swiss"]
[EventCountry "GER"]
[SourceTitle "playchess.com"]
[Source "ChessBase"]
[SourceQuality "1"]

{[%evp 9,120,-7,7,0,0,0,0,0,0,0,0,0,0,0,0,0,14,12,20,10,25,20,29,0,0,0,21,0,0,0,0,0,8,0,0,0,0,0,0,0,0,-226,-220,-197,-228,-367,-334,-341,-313,-414,-431,-473,-482,-597,-591,-562,-530,-511,-452,-578,-578,-557,-520,-561,-556,-718,-711,-625,-597,-1732,-1480,-12825,-12830,-12845,-12846,-12846,-12847,-12847,-12838,-12838,-12836,-12837,0,-12838,-12831,-12828,-5616,-12849,-12839,-12843,-12839,-12841,-12838,-12842,-12843,-12845,-12840,-12844,-12844,-12845,-12842,-12845,-12846,-12850,-12850,-12850,-12850,-12850,-12850,-12850,-12851,-12851,-12851]} 1. d4 d5 2. Nf3 e6 3. c3 b6 4. Bf4 Bd6 5. Bg3 Ba6 6. Nbd2 {D02: 1 d4 d5 2 Nf3 sidelines, including 2...Nf6 3 g3 and 2...Nf6 3 Bf4.} Nf6 {[#]} 7. Qa4+ $146 ({Predecessor:} 7. Qc2 O-O 8. Ne5 c5 9. e3 Bxf1 10. Kxf1 Qc7 11. Rc1 Nc6 12. Nxc6 Qxc6 13. Bxd6 Qxd6 {½-½ (75) Petrovic,M (2281)-Manakova,M (2348) Herceg Novi 2000}) 7... Qd7 8. Qxd7+ {The position is equal.} Nbxd7 9. Bxd6 cxd6 10. e3 Bxf1 11. Kxf1 Ke7 12. Ke2 Rhc8 13. a4 a6 14. Ne1 b5 15. Nd3 Nb6 16. axb5 (16. a5 $5 {[%cal Ra5b6]} Nbd7 17. g4 $11) 16... axb5 17. f3 Ra4 (17... h5 {is more complex.} 18. h4 Ng8 19. Rhd1 g6 20. Nf1 Nc4) 18. Rxa4 bxa4 19. Ra1 Nfd7 20. Nb4 g5 21. Kd3 f5 22. b3 axb3 23. Nxb3 Nc4 24. Ra7 Nxe3 25. Na5 $2 {[#] Black keeps a firm grip on the game.} (25. Kxe3 $11 Rxc3+ {[%mdl 64] Double Attack} 26. Kd2 Rxb3 27. Nc6+ Ke8 28. Ra8+ Kf7 29. Ra7) 25... Nxg2 $19 26. Nac6+ Ke8 27. Ra1 (27. Na5 $142) 27... Nf4+ 28. Ke3 Ng6 29. c4 dxc4 30. d5 exd5 31. Kd4 Nde5 32. Nxe5 dxe5+ 33. Kxd5 {[%mdl 4096] Endgame KRN-KRN} c3 34. Ke6 c2 35. Rc1 Rc4 36. Rxc2 Nf4+ 37. Kxf5 Rxb4 {KRN-KR} 38. Rc7 Kf8 39. Rxh7 Nd3 40. Kxg5 Rf4 41. Rh3 Kg7 42. Rg3 Ne1 43. Kh5+ Kh7 44. Rg4 Rd4 45. Rg3 Rf4 46. Rg4 {intending Rxf4.} Rxf3 {Black is clearly winning.} 47. Re4 Nd3 48. h4 Rf4 49. Re2 Rf7 {[#] ( -> ...Nf4+)} 50. Kg5 Kg7 51. h5 Re7 52. Re3 Rd7 53. Kf5 Kh6 54. Rg3 Rd8 55. Ke4 Rd4+ 56. Ke3 Nf4 57. Rg8 Nd5+ 58. Kf3 Rf4+ 59. Kg3 Kxh5 60. Ra8 Rf5 {Accuracy: White = 70%, Black = 97%.} 0-1

[Event "46th GER-ch Rapid 2020"]
[Site "Plochingen"]
[Date "2020.09.21"]
[Round "6.5"]
[White "Braeuning, Rudolf Wilhelm"]
[Black "Hirneise, Jens"]
[Result "1/2-1/2"]
[WhiteElo "2268"]
[BlackElo "2289"]
[Annotator "ChessBase"]
[PlyCount "89"]
[EventDate "2020.09.19"]
[EventType "swiss"]
[EventCountry "GER"]
[SourceTitle "playchess.com"]
[Source "ChessBase"]
[SourceQuality "1"]
[TimeControl "900+10"]

1. e4 {[%emt 0:00:21]} e6 {[%emt 0:00:00]} 2. d4 {[%emt 0:00:03]} d5 {[%emt 0:00:00]} 3. exd5 {[%emt 0:00:05]} exd5 {[%emt 0:00:03]} 4. Nf3 {[%emt 0:00:02]} Nf6 {[%emt 0:00:03]} 5. Bg5 {[%emt 0:00:08]} Be7 {[%emt 0:00:42]} 6. Bd3 {[%emt 0:01:31]} O-O {[%emt 0:00:17]} 7. O-O {[%emt 0:00:04]} Bg4 {[%emt 0:00:23]} 8. h3 {[%emt 0:00:01]} Bh5 {[%emt 0:00:21]} 9. Nbd2 {[%emt 0:00:02]} Nbd7 {[%emt 0:00:33]} 10. Re1 {[%emt 0:00:05]} Re8 {[%emt 0:00:22]} 11. c3 {[%emt 0:00:11]} c6 {[%emt 0:00:20]} 12. Qc2 {[%emt 0:01:13]} Bg6 {[%emt 0:00:46]} 13. Bxg6 {[%emt 0:00:19]} hxg6 {[%emt 0:00:04]} 14. Re3 {[%emt 0:03:19]} Qc7 {[%emt 0:00:47]} 15. Rae1 {[%emt 0:03:05]} Bd6 {[%emt 0:00:08]} 16. Rxe8+ {[%emt 0:00:11]} Rxe8 {[%emt 0:00:59]} 17. Rxe8+ {[%emt 0:00:02]} Nxe8 {[%emt 0:00:02]} 18. Nf1 {[%emt 0:00:20]} Nef6 {[%emt 0:00:07]} 19. Bxf6 {[%emt 0:00:15]} Nxf6 {[%emt 0:00:52]} 20. Qe2 {[%emt 0:00:09]} Kf8 {[%emt 0:00:30]} 21. Ne5 {[%emt 0:01:12]} Bxe5 {[%emt 0:01:15]} 22. dxe5 {[%emt 0:00:44]} Ne4 {[%emt 0:00:19]} 23. f3 {[%emt 0:00:24]} Nc5 {[%emt 0:00:23]} 24. g3 {[%emt 0:00:35]} Ne6 {[%emt 0:00:26]} 25. Kg2 {[%emt 0:00:07]} Qa5 {[%emt 0:00:12]} 26. a3 {[%emt 0:00:05]} d4 {[%emt 0:00:24]} 27. cxd4 {[%emt 0:00:03]} Nxd4 {[%emt 0:00:04]} 28. Qe4 {[%emt 0:02:36]} Ne6 {[%emt 0:00:20]} 29. h4 {[%emt 0:00:02]} Qb5 {[%emt 0:00:40]} 30. b4 {[%emt 0:00:21]} a5 {[%emt 0:01:10]} 31. Nd2 {[%emt 0:00:03]} axb4 {[%emt 0:00:36]} 32. axb4 {[%emt 0:00:01]} Nc7 {[%emt 0:00:49]} 33. Qd4 {[%emt 0:00:54]} Nd5 {[%emt 0:01:48]} 34. Qa7 {[%emt 0:01:29]} Qe2+ {[%emt 0:01:21]} 35. Kh3 {[%emt 0:00:04]} Qxd2 {[%emt 0:01:01]} 36. Qb8+ {[%emt 0:00:05]} Ke7 {[%emt 0:00:02]} 37. Qd6+ {[%emt 0:00:12]} Ke8 {[%emt 0:00:02]} 38. Qb8+ {[%emt 0:00:04]} Kd7 {[%emt 0:00:07]} 39. Qd6+ {[%emt 0:00:14]} Kc8 {[%emt 0:00:07]} 40. Qf8+ {[%emt 0:00:02]} Kc7 {[%emt 0:00:16]} 41. Qd6+ {[%emt 0:00:01]} Kb6 {[%emt 0:00:20]} 42. Qc5+ {[%emt 0:00:03]} Kc7 {[%emt 0:00:02]} 43. Qd6+ {[%emt 0:00:01]} Kb6 {[%emt 0:00:25]} 44. Qc5+ {[%emt 0:00:02]} Kc7 {[%emt 0:00:02]} 45. Qd6+ {[%emt 0:00:01]} 1/2-1/2

[Event "46th GER-ch Rapid 2020"]
[Site "Plochingen"]
[Date "2020.09.21"]
[Round "6.6"]
[White "Richter, Nils"]
[Black "Spiess, Gunter"]
[Result "1/2-1/2"]
[WhiteElo "2307"]
[BlackElo "2391"]
[Annotator "ChessBase"]
[PlyCount "81"]
[EventDate "2020.09.19"]
[EventType "swiss"]
[EventCountry "GER"]
[SourceTitle "playchess.com"]
[Source "ChessBase"]
[SourceQuality "1"]
[TimeControl "900+10"]

1. c4 {[%emt 0:00:00]} e6 {[%emt 0:00:00]} 2. Nc3 {[%emt 0:00:00]} d5 {[%emt 0:00:00]} 3. e3 {[%emt 0:00:00]} dxc4 {[%emt 0:00:26]} 4. Bxc4 {[%emt 0:00:09]} a6 {[%emt 0:00:06]} 5. d4 {[%emt 0:00:45]} Nf6 {[%emt 0:00:07]} 6. Nf3 {[%emt 0:00:04]} b5 {[%emt 0:00:05]} 7. Bd3 {[%emt 0:00:20]} Bb7 {[%emt 0:00:04]} 8. O-O {[%emt 0:00:04]} Nbd7 {[%emt 0:00:06]} 9. a3 {[%emt 0:00:49]} c5 {[%emt 0:00:04]} 10. Qe2 {[%emt 0:00:20]} Be7 {[%emt 0:00:10]} 11. Rd1 {[%emt 0:00:06]} Qb6 {[%emt 0:00:07]} 12. dxc5 {[%emt 0:00:58]} Nxc5 {[%emt 0:00:09]} 13. Bc2 {[%emt 0:00:02]} Nce4 {[%emt 0:02:03]} 14. Nxe4 {[%emt 0:00:47]} Nxe4 {[%emt 0:00:32]} 15. Rd4 {[%emt 0:01:40]} f5 {[%emt 0:03:28]} 16. Ne5 {[%emt 0:01:36]} Nf6 {[%emt 0:00:45]} 17. b3 {[%emt 0:01:49]} Rc8 {[%emt 0:01:03]} 18. Bb2 {[%emt 0:00:11]} Bd6 {[%emt 0:03:09]} 19. Rd2 {[%emt 0:01:47]} O-O {[%emt 0:01:26]} 20. Rad1 {[%emt 0:00:08]} Rfd8 {[%emt 0:00:24]} 21. Bb1 {[%emt 0:01:51]} Bd5 {[%emt 0:00:53]} 22. b4 {[%emt 0:02:02]} Qc7 {[%emt 0:00:19]} 23. Nf3 {[%emt 0:00:57]} Ne4 {[%emt 0:00:20]} 24. Rxd5 {[%emt 0:00:28]} exd5 {[%emt 0:00:04]} 25. Ba2 {[%emt 0:00:16]} Qc2 {[%emt 0:00:32]} 26. Bxd5+ {[%emt 0:00:58]} Kh8 {[%emt 0:00:38]} 27. Qxc2 {[%emt 0:00:57]} Rxc2 {[%emt 0:00:01]} 28. Bd4 {[%emt 0:00:16]} Nxf2 {[%emt 0:00:38]} 29. Ng5 {[%emt 0:00:18]} Rd7 {[%emt 0:01:01]} 30. Rf1 {[%emt 0:00:02]} Bxh2+ {[%emt 0:00:21]} 31. Kxh2 {[%emt 0:00:07]} Rxd5 {[%emt 0:00:02]} 32. Ne6 {[%emt 0:00:15]} Kg8 {[%emt 0:00:06]} 33. Bxg7 {[%emt 0:00:17]} Ng4+ {[%emt 0:00:18]} 34. Kh3 {[%emt 0:00:05]} Rd6 {[%emt 0:00:48]} 35. Nd4 {[%emt 0:00:02]} Ra2 {[%emt 0:00:17]} 36. Nxf5 {[%emt 0:00:10]} Rg6 {[%emt 0:00:00]} 37. Bd4 {[%emt 0:00:11]} Nf2+ {[%emt 0:00:04]} 38. Kh2 {[%emt 0:00:12]} Ng4+ {[%emt 0:00:03]} 39. Kh3 {[%emt 0:00:02]} Nf2+ {[%emt 0:00:00]} 40. Kh2 {[%emt 0:00:00]} Ng4+ {[%emt 0:00:01]} 41. Kh3 {[%emt 0:00:01]} 1/2-1/2

[Event "46th GER-ch Rapid 2020"]
[Site "Plochingen"]
[Date "2020.09.21"]
[Round "6.7"]
[White "Voigt, Martin"]
[Black "Petkidis, Anthony"]
[Result "1/2-1/2"]
[WhiteElo "2289"]
[BlackElo "2406"]
[Annotator "ChessBase"]
[PlyCount "69"]
[EventDate "2020.09.19"]
[EventType "swiss"]
[EventCountry "GER"]
[SourceTitle "playchess.com"]
[Source "ChessBase"]
[SourceQuality "1"]
[TimeControl "900+10"]

1. e4 {[%emt 0:00:00]} e5 {[%emt 0:00:04]} 2. Nf3 {[%emt 0:00:07]} Nc6 {[%emt 0:00:03]} 3. Nc3 {[%emt 0:00:01]} Nf6 {[%emt 0:00:10]} 4. d4 {[%emt 0:00:02]} exd4 {[%emt 0:00:02]} 5. Nxd4 {[%emt 0:00:02]} Bb4 {[%emt 0:00:03]} 6. Nxc6 {[%emt 0:00:02]} bxc6 {[%emt 0:00:02]} 7. Bd3 {[%emt 0:00:02]} d5 {[%emt 0:00:47]} 8. exd5 {[%emt 0:00:03]} O-O {[%emt 0:00:04]} 9. O-O {[%emt 0:00:03]} Bg4 {[%emt 0:00:19]} 10. Be2 {[%emt 0:00:07]} Bxe2 {[%emt 0:00:11]} 11. Nxe2 {[%emt 0:00:03]} cxd5 {[%emt 0:00:06]} 12. Bg5 {[%emt 0:01:24]} c6 {[%emt 0:02:07]} 13. Nd4 {[%emt 0:00:20]} Qd6 {[%emt 0:00:25]} 14. c3 {[%emt 0:03:51]} Bc5 {[%emt 0:00:08]} 15. Qf3 {[%emt 0:00:31]} Ne4 {[%emt 0:00:12]} 16. Be3 {[%emt 0:00:16]} Qd7 {[%emt 0:02:53]} 17. Nf5 {[%emt 0:00:54]} Rad8 {[%emt 0:03:13]} 18. Rad1 {[%emt 0:00:20]} Bxe3 {[%emt 0:00:15]} 19. Nxe3 {[%emt 0:00:18]} Rfe8 {[%emt 0:00:12]} 20. Rd4 {[%emt 0:02:22]} Qb7 {[%emt 0:00:49]} 21. Qe2 {[%emt 0:02:14]} c5 {[%emt 0:00:43]} 22. Rd3 {[%emt 0:00:31]} d4 {[%emt 0:00:30]} 23. cxd4 {[%emt 0:00:04]} cxd4 {[%emt 0:00:01]} 24. Rfd1 {[%emt 0:01:07]} Nxf2 {[%emt 0:00:41]} 25. Qxf2 {[%emt 0:00:56]} dxe3 {[%emt 0:00:12]} 26. Qxe3 {[%emt 0:00:15]} Rb8 {[%emt 0:00:44]} 27. Qf2 {[%emt 0:01:59]} Qxb2 {[%emt 0:00:54]} 28. Qxa7 {[%emt 0:00:19]} h6 {[%emt 0:00:39]} 29. Rf3 {[%emt 0:00:42]} Rb7 {[%emt 0:00:20]} 30. Qa4 {[%emt 0:00:22]} Qe5 {[%emt 0:00:23]} 31. h3 {[%emt 0:00:15]} Rbe7 {[%emt 0:00:16]} 32. Rdf1 {[%emt 0:00:03]} g6 {[%emt 0:00:24]} 33. Qb3 {[%emt 0:00:04]} Rf8 {[%emt 0:00:12]} 34. Kh1 {[%emt 0:00:12]} Kg7 {[%emt 0:00:02]} 35. Qc3 {[%emt 0:00:17]} 1/2-1/2

[Event "46th GER-ch Rapid 2020"]
[Site "Plochingen"]
[Date "2020.09.21"]
[Round "6.8"]
[White "Meissner, Felix"]
[Black "Hartge, Gedeon"]
[Result "1/2-1/2"]
[WhiteElo "2362"]
[BlackElo "2234"]
[Annotator "ChessBase"]
[PlyCount "133"]
[EventDate "2020.09.19"]
[EventType "swiss"]
[EventCountry "GER"]
[SourceTitle "playchess.com"]
[Source "ChessBase"]
[SourceQuality "1"]
[TimeControl "900+10"]

1. e4 {[%emt 0:00:00]} c5 {[%emt 0:00:00]} 2. Nc3 {[%emt 0:00:00]} Nc6 {[%emt 0:00:01]} 3. Bb5 {[%emt 0:00:15]} Nd4 {[%emt 0:00:04]} 4. Nf3 {[%emt 0:00:03]} Nxb5 {[%emt 0:00:20]} 5. Nxb5 {[%emt 0:00:03]} a6 {[%emt 0:00:01]} 6. Nc3 {[%emt 0:00:11]} e6 {[%emt 0:00:01]} 7. a4 {[%emt 0:00:55]} b6 {[%emt 0:00:11]} 8. d4 {[%emt 0:00:18]} cxd4 {[%emt 0:00:02]} 9. Qxd4 {[%emt 0:00:08]} Bb7 {[%emt 0:02:12]} 10. O-O {[%emt 0:01:49]} Nf6 {[%emt 0:00:19]} 11. Bg5 {[%emt 0:01:53]} Bc5 {[%emt 0:01:26]} 12. Qd3 {[%emt 0:00:17]} h6 {[%emt 0:00:54]} 13. Bh4 {[%emt 0:00:15]} g5 {[%emt 0:02:46]} 14. Bg3 {[%emt 0:00:05]} Nh5 {[%emt 0:00:03]} 15. Rad1 {[%emt 0:02:01]} Nxg3 {[%emt 0:01:08]} 16. hxg3 {[%emt 0:00:02]} Qc7 {[%emt 0:00:14]} 17. e5 {[%emt 0:00:50]} O-O-O {[%emt 0:01:05]} 18. Ne4 {[%emt 0:02:13]} g4 {[%emt 0:01:12]} 19. Nd6+ {[%emt 0:00:36]} Bxd6 {[%emt 0:00:20]} 20. exd6 {[%emt 0:00:02]} Qc6 {[%emt 0:00:00]} 21. Nh4 {[%emt 0:00:35]} Qxa4 {[%emt 0:00:57]} 22. Rfe1 {[%emt 0:00:14]} Kb8 {[%emt 0:00:41]} 23. b3 {[%emt 0:02:09]} Qc6 {[%emt 0:01:06]} 24. c4 {[%emt 0:00:14]} Rdg8 {[%emt 0:00:33]} 25. Qd4 {[%emt 0:00:39]} Qc5 {[%emt 0:02:54]} 26. Qc3 {[%emt 0:00:04]} Qg5 {[%emt 0:00:30]} 27. Re5 {[%emt 0:00:18]} Qf6 {[%emt 0:00:12]} 28. Qe1 {[%emt 0:02:42]} Rg5 {[%emt 0:00:05]} 29. Re3 {[%emt 0:00:05]} Rc8 {[%emt 0:00:18]} 30. Qb4 {[%emt 0:00:09]} Ka7 {[%emt 0:00:05]} 31. Qe1 {[%emt 0:00:27]} Qb2 {[%emt 0:00:15]} 32. Rd2 {[%emt 0:00:22]} Qa3 {[%emt 0:00:08]} 33. Rd1 {[%emt 0:00:14]} Qc5 {[%emt 0:00:01]} 34. Qd2 {[%emt 0:00:08]} Qc6 {[%emt 0:00:06]} 35. Qd4 {[%emt 0:00:04]} Rh5 {[%emt 0:00:12]} 36. Kf1 {[%emt 0:00:16]} Rxh4 {[%emt 0:00:08]} 37. gxh4 {[%emt 0:00:02]} Qxg2+ {[%emt 0:00:01]} 38. Ke1 {[%emt 0:00:13]} Qg1+ {[%emt 0:00:19]} 39. Kd2 {[%emt 0:00:01]} Qxf2+ {[%emt 0:00:03]} 40. Kc1 {[%emt 0:00:01]} Qa2 {[%emt 0:00:30]} 41. Qxg4 {[%emt 0:00:14]} Qa1+ {[%emt 0:00:09]} 42. Kd2 {[%emt 0:00:04]} Qb2+ {[%emt 0:00:04]} 43. Ke1 {[%emt 0:00:03]} f5 {[%emt 0:00:18]} 44. Qg3 {[%emt 0:00:29]} Qf6 {[%emt 0:00:12]} 45. Qe5 {[%emt 0:00:20]} Qxh4+ {[%emt 0:00:01]} 46. Kd2 {[%emt 0:00:05]} Qf2+ {[%emt 0:00:11]} 47. Kc1 {[%emt 0:00:04]} Rc5 {[%emt 0:00:16]} 48. Qc3 {[%emt 0:00:13]} f4 {[%emt 0:00:14]} 49. Rxe6 {[%emt 0:00:04]} Qa2 {[%emt 0:00:10]} 50. Rxh6 {[%emt 0:00:15]} Qa3+ {[%emt 0:00:04]} 51. Qb2 {[%emt 0:00:05]} Qxb2+ {[%emt 0:00:03]} 52. Kxb2 {[%emt 0:00:02]} f3 {[%emt 0:00:03]} 53. Rf6 {[%emt 0:00:03]} a5 {[%emt 0:00:04]} 54. Kc3 {[%emt 0:00:27]} Bc6 {[%emt 0:00:09]} 55. Kd4 {[%emt 0:00:24]} Kb7 {[%emt 0:00:08]} 56. Rd2 {[%emt 0:00:04]} Rg5 {[%emt 0:00:09]} 57. Ke3 {[%emt 0:00:15]} Rg1 {[%emt 0:00:09]} 58. Kd4 {[%emt 0:00:18]} Rg4+ {[%emt 0:00:09]} 59. Kc3 {[%emt 0:00:04]} Rg1 {[%emt 0:00:10]} 60. Rf5 {[%emt 0:00:14]} Rc1+ {[%emt 0:00:28]} 61. Kd4 {[%emt 0:00:07]} Rb1 {[%emt 0:00:05]} 62. Kc3 {[%emt 0:00:03]} Be4 {[%emt 0:00:17]} 63. Rf4 {[%emt 0:00:10]} Bc6 {[%emt 0:00:06]} 64. Rf6 {[%emt 0:00:06]} Rc1+ {[%emt 0:00:04]} 65. Kd4 {[%emt 0:00:02]} Rb1 {[%emt 0:00:02]} 66. Kc3 {[%emt 0:00:01]} Rc1+ {[%emt 0:00:01]} 67. Kb2 {[%emt 0:00:21]} 1/2-1/2

[Event "46th GER-ch Rapid 2020"]
[Site "Plochingen"]
[Date "2020.09.21"]
[Round "6.9"]
[White "Siebrecht, Sebastian"]
[Black "Schulz, Karsten"]
[Result "1-0"]
[WhiteElo "2418"]
[BlackElo "2294"]
[Annotator "ChessBase"]
[PlyCount "119"]
[EventDate "2020.09.19"]
[EventType "swiss"]
[EventCountry "GER"]
[SourceTitle "playchess.com"]
[Source "ChessBase"]
[SourceQuality "1"]
[TimeControl "900+10"]

1. d4 {[%emt 0:00:00]} g6 {[%emt 0:00:00]} 2. c4 {[%emt 0:00:00]} Bg7 {[%emt 0:00:00]} 3. Nc3 {[%emt 0:00:00]} d6 {[%emt 0:00:00]} 4. e4 {[%emt 0:00:10]} e5 {[%emt 0:00:00]} 5. Nf3 {[%emt 0:00:54]} Nc6 {[%emt 0:00:07]} 6. d5 {[%emt 0:00:11]} Nd4 {[%emt 0:00:08]} 7. h3 {[%emt 0:01:53]} c5 {[%emt 0:00:46]} 8. dxc6 {[%emt 0:00:52]} bxc6 {[%emt 0:00:04]} 9. Bd3 {[%emt 0:00:15]} Nf6 {[%emt 0:01:45]} 10. O-O {[%emt 0:00:09]} O-O {[%emt 0:00:14]} 11. Bg5 {[%emt 0:02:22]} h6 {[%emt 0:00:33]} 12. Be3 {[%emt 0:00:01]} Nd7 {[%emt 0:00:49]} 13. Rc1 {[%emt 0:00:01]} Nc5 {[%emt 0:00:58]} 14. Bb1 {[%emt 0:00:03]} Nce6 {[%emt 0:00:08]} 15. Re1 {[%emt 0:00:58]} a5 {[%emt 0:01:06]} 16. b3 {[%emt 0:00:35]} Qf6 {[%emt 0:00:12]} 17. Nh2 {[%emt 0:00:14]} h5 {[%emt 0:00:39]} 18. Ne2 {[%emt 0:00:25]} Kh7 {[%emt 0:00:39]} 19. Nxd4 {[%emt 0:00:30]} exd4 {[%emt 0:00:29]} 20. Bd2 {[%emt 0:00:29]} Nf4 {[%emt 0:01:11]} 21. Nf3 {[%emt 0:00:09]} c5 {[%emt 0:00:42]} 22. e5 {[%emt 0:00:25]} dxe5 {[%emt 0:00:19]} 23. Nxe5 {[%emt 0:00:26]} Bb7 {[%emt 0:01:49]} 24. Bxf4 {[%emt 0:00:17]} Qxf4 {[%emt 0:00:02]} 25. Qxh5+ {[%emt 0:01:31]} Kg8 {[%emt 0:00:04]} 26. Qe2 {[%emt 0:00:30]} Rae8 {[%emt 0:01:57]} 27. Nd3 {[%emt 0:00:02]} Qg5 {[%emt 0:00:51]} 28. Qg4 {[%emt 0:00:05]} Qxg4 {[%emt 0:01:47]} 29. hxg4 {[%emt 0:00:02]} Bc8 {[%emt 0:00:21]} 30. g5 {[%emt 0:00:21]} f6 {[%emt 0:01:28]} 31. gxf6 {[%emt 0:00:03]} Bxf6 {[%emt 0:00:06]} 32. Nxc5 {[%emt 0:00:03]} Bh4 {[%emt 0:00:24]} 33. g3 {[%emt 0:01:52]} Bg5 {[%emt 0:00:01]} 34. f4 {[%emt 0:00:12]} Be7 {[%emt 0:00:08]} 35. Bxg6 {[%emt 0:00:08]} Bxc5 {[%emt 0:00:07]} 36. Rxe8 {[%emt 0:00:12]} d3+ {[%emt 0:00:13]} 37. Kf1 {[%emt 0:00:13]} Bh3+ {[%emt 0:00:33]} 38. Ke1 {[%emt 0:00:04]} Bb4+ {[%emt 0:00:20]} 39. Kf2 {[%emt 0:00:12]} Rxe8 {[%emt 0:00:16]} 40. Bxe8 {[%emt 0:00:02]} d2 {[%emt 0:00:03]} 41. Rd1 {[%emt 0:02:30]} Bg4 {[%emt 0:00:02]} 42. Rxd2 {[%emt 0:00:06]} Bxd2 {[%emt 0:00:02]} 43. Bc6 {[%emt 0:00:11]} Bf5 {[%emt 0:00:25]} 44. a3 {[%emt 0:00:48]} Kf8 {[%emt 0:00:21]} 45. Ke2 {[%emt 0:00:32]} Bc1 {[%emt 0:00:06]} 46. b4 {[%emt 0:00:01]} Bxa3 {[%emt 0:00:07]} 47. bxa5 {[%emt 0:00:02]} Ke7 {[%emt 0:00:07]} 48. a6 {[%emt 0:00:15]} Bc5 {[%emt 0:00:01]} 49. Kf3 {[%emt 0:00:03]} Kd6 {[%emt 0:00:07]} 50. Bb7 {[%emt 0:00:15]} Bd3 {[%emt 0:00:09]} 51. Bd5 {[%emt 0:00:02]} Bc2 {[%emt 0:00:11]} 52. g4 {[%emt 0:00:02]} Bd1+ {[%emt 0:00:12]} 53. Kg3 {[%emt 0:00:02]} Ke7 {[%emt 0:00:16]} 54. g5 {[%emt 0:00:09]} Be2 {[%emt 0:00:09]} 55. f5 {[%emt 0:00:06]} Bd3 {[%emt 0:00:19]} 56. f6+ {[%emt 0:00:21]} Kf8 {[%emt 0:00:16]} 57. Kf4 {[%emt 0:00:03]} Bg1 {[%emt 0:00:09]} 58. Ke5 {[%emt 0:00:13]} Be3 {[%emt 0:00:11]} 59. Kd6 {[%emt 0:00:11]} Bf4+ {[%emt 0:00:03]} 60. Kc6 {[%emt 0:00:14]} 1-0

[Event "46th GER-ch Rapid 2020"]
[Site "Plochingen"]
[Date "2020.09.21"]
[Round "6.10"]
[White "Langrock, Hannes"]
[Black "Reichmann, Hendrik"]
[Result "1/2-1/2"]
[WhiteElo "2352"]
[BlackElo "2348"]
[Annotator "ChessBase"]
[PlyCount "61"]
[EventDate "2020.09.19"]
[EventType "swiss"]
[EventCountry "GER"]
[SourceTitle "playchess.com"]
[Source "ChessBase"]
[SourceQuality "1"]
[TimeControl "900+10"]

1. d4 {[%emt 0:00:00]} g6 {[%emt 0:00:00]} 2. c4 {[%emt 0:00:00]} Bg7 {[%emt 0:00:00]} 3. g3 {[%emt 0:00:00]} d6 {[%emt 0:00:02]} 4. Bg2 {[%emt 0:00:01]} Nf6 {[%emt 0:00:08]} 5. Nf3 {[%emt 0:00:04]} O-O {[%emt 0:00:10]} 6. O-O {[%emt 0:00:03]} Nc6 {[%emt 0:01:45]} 7. Nc3 {[%emt 0:00:15]} e5 {[%emt 0:00:20]} 8. dxe5 {[%emt 0:00:17]} dxe5 {[%emt 0:00:46]} 9. Bg5 {[%emt 0:00:11]} Be6 {[%emt 0:01:17]} 10. Qc1 {[%emt 0:00:57]} Bxc4 {[%emt 0:04:55]} 11. Nd2 {[%emt 0:03:40]} Be6 {[%emt 0:01:09]} 12. Nde4 {[%emt 0:00:14]} Nd4 {[%emt 0:02:17]} 13. e3 {[%emt 0:08:41]} Nc6 {[%emt 0:01:28]} 14. f4 {[%emt 0:01:06]} h6 {[%emt 0:01:56]} 15. Bh4 {[%emt 0:00:41]} exf4 {[%emt 0:00:21]} 16. gxf4 {[%emt 0:00:48]} Qe7 {[%emt 0:00:25]} 17. Kh1 {[%emt 0:00:34]} Rad8 {[%emt 0:00:14]} 18. Qe1 {[%emt 0:00:10]} Bf5 {[%emt 0:00:06]} 19. Rd1 {[%emt 0:00:16]} Bxe4 {[%emt 0:00:23]} 20. Nxe4 {[%emt 0:00:04]} Rxd1 {[%emt 0:00:18]} 21. Qxd1 {[%emt 0:00:01]} g5 {[%emt 0:00:01]} 22. Nxf6+ {[%emt 0:00:06]} Bxf6 {[%emt 0:00:01]} 23. Bg3 {[%emt 0:00:12]} Qxe3 {[%emt 0:00:09]} 24. fxg5 {[%emt 0:00:04]} Bxg5 {[%emt 0:00:08]} 25. Qd5 {[%emt 0:00:19]} Qd4 {[%emt 0:00:33]} 26. Qb5 {[%emt 0:00:17]} Qb6 {[%emt 0:00:11]} 27. Qe2 {[%emt 0:00:09]} Nd4 {[%emt 0:00:03]} 28. Qc4 {[%emt 0:00:04]} Ne6 {[%emt 0:00:07]} 29. b3 {[%emt 0:00:05]} c6 {[%emt 0:00:03]} 30. Qe4 {[%emt 0:00:04]} Qd4 {[%emt 0:00:07]} 31. Qf5 {[%emt 0:00:03]} 1/2-1/2